| 000 | 00843 a2200229 4500 | ||
|---|---|---|---|
| 001 | 41930 | ||
| 005 | 20260407155710.0 | ||
| 008 | 260407a1982 arg spa d | ||
| 003 | AR-UNSa-BCEJYS | ||
| 040 |
_aAR-UNSa-BCEJYS _bspa _cAR-UNSa-BCEJYS |
||
| 080 |
_a101.1 _xNaturaleza de la filosofía. La filosofía como ciencia. La filosofía como arte (pensamiento filosófico) |
||
| 245 | 1 | 0 | _aIntroducción al pensamiento filosófico |
| 020 | _a84-254-0906-3 | ||
| 250 | _a11a. ed. | ||
| 264 | 1 |
_aBarcelona : _bHerder _c1982 |
|
| 300 |
_a115 p. _c18 cm. |
||
| 505 | _a1. La ley - 2. La filosofía - 3. El conocimiento - 4. La verdad - 5. El pensamiento - 6. El valor - 7. El hombre - 8. El ser - 9. La sociedad - 10. Lo absoluto | ||
| 041 | _aspa | ||
| 942 | _cBK | ||
| 590 | _aniveau_biblio:m niveau_hierar:0 | ||
| 100 | 1 | _aBochenski, J.M. | |
| 999 |
_c3548 _d3548 |
||